LEADER 01532nam0 2200277 450 001 000011156 005 20090303103025.0 100 $a20080514d1854----km-y0itay50------ba 101 0 $alat 102 $aIT 105 $aaf------001yy 200 1 $aEnumeratio plantarum vascularium in insula inarime sponte provenientium vel oeconomico usu passim cultarum$fauctore Joanne Gussone 210 $aNeapoli$cVanni typographeo$d1854 215 $aXIX, 428 p., XX c. di tav.$cill.$d23 cm 300 $aSul front. calcografia dell'isola di Ischia 316 $aLegatura editoriale (24x16x3 cm); carte intonse e non rifilate; foxing$5UNIPARTHENOPE 317 $aSul piatto ant. antiche segnature mss.: XIV-D-66 [n.i.]; Lett.a C [n.i.]; LIB-III-3-38 [n.i.]; sull'occhietto antiche segnature mss.: g l 6 [n.i.]; 12-A [n.i.]; 2L-III-20 [n.i.]; Class VII 1017 Ingress 2706 del Registro inventario della Regia Marina Biblioteca dipartimentale di Napoli; ivi, infine, 581.9 class Dewey dell'IUN; sul front.: 651, 158, l 6 [n.i.]; timbri A e B della Reale Biblioteca di Marina$5UNIPARTHENOPE 620 $aItalia$dNapoli 676 $a580$v21$9Piante 700 1$aGussone,$bGiovanni$f<1787-1866>$070096 712 02$aDue Sicilie : Ministero della guerra e della marina$4390 801 0$aIT$bUNIPARTHENOPE$c20080514$gRICA$2UNIMARC 912 $a000011156 951 $aBORB-G-57$b2706$cFB$d2008 996 $aEnumeratio plantarum vascularium in insula inarime sponte provenientium vel oeconomico usu passim cultarum$91204132 997 $aUNIPARTHENOPE LEADER 01136cam a2200289 a 4500 001 991003427819707536 008 171114s2017 uk a b 001 0 eng d 020 $a9789535132073 035 $ab1433169x-39ule_inst 040 $aBibl. Dip.le Aggr. Matematica e Fisica - Sez. Fisica$beng 082 04$a621.39/5$220 084 $aLC TK7895.G36 084 $a621.3.8 245 00$aField-programmable gate array /$cedited by George Dekoulis 260 $aLondon :$bInTech,$c2017 300 $a276 pages :$billustrations ;$c25 cm 650 4$aGate array circuits 650 4$aProgrammable logic devices 650 4$aProgrammable array logic 700 1 $aDekoulis, George,$eeditor 907 $a.b1433169x$b26-02-18$c30-11-17 912 $a991003427819707536 945 $aLE006 621.3.8 DEK$cC. 1$g1$i2006000100298$lle006$op$pE140.00$q-$rl$s- $t0$u0$v0$w0$x0$y.i15836319$z26-02-18 945 $aLE006 621.3.8 DEK$cC. 2$g1$i2006000100304$lle006$op$pE140.00$q-$rl$s- $t0$u0$v0$w0$x0$y.i15836320$z26-02-18 996 $aField-programmable gate array$91495180 997 $aUNISALENTO 998 $ale006$b14-11-17$cm$da $e $feng$guk $h0$i0